MDQL
is popping MORE tags! Check the
thread
!
Quizzes
Events
Quiz Creation
Community
Videos
Private Events
Remove Ads
Sign In
Join for FREE
Feedback
Dark Mode
Quiz Categories
Sports
Geography
Music
Movies
Television
Just For Fun
Miscellaneous
History
Literature
Language
Science
Gaming
Entertainment
Religion
Holiday
For Kids
Quiz Lab
Recent
Popular Today
Quiz Kudos Today
Editor Picks
Curator Picks
Quizzes by...
Day
Popularity
Type
Ratings
Length
Year
Community
Subscriptions
Recent Discussions
Orange Saloon
Badges
Playlists
Quests
Create
Leaderboards
Showdown
Live 5
Trivia Bingo
Activity
Puzzle Library
Sporcle Events
Private Events
Virtual Trivia
Globe League
Become a Host
Pub Owners
SporcleCon
Opinionation
Our Games
Videos
Blog
Mobile Apps
Partnerships
Remove Ads and Go Orange
Feedback
Music
Pop Music
The Beatles
Song
Album
Lyrics
Bands
Singers
Artist
Clip
Rock
Rap
Classical
Billboard
Country Music
Kpop
Taylor Swift
Music
Pop Music
The Beatles
Song
Album
Lyrics
Bands
Singers
Artist
Clip
Rock
Rap
Classical
Billboard
Country Music
Kpop
Taylor Swift
Random Quiz
Search Sporcle
×
Quiz Lab
Quiz Lab
Music
hit
Type in answers that appear in a list
Type in answers that appear in a list
Classic
Best Score? Go Orange.
100 Best Songs of the 2000s (Rolling Stone) Stats
Can you name the 100 Best Songs of the 2000s according to Rolling Stone magazine?
By
inomu
10m
100 Questions
375 Plays
375 Plays
375 Plays
Comments
Comments
Give Quiz Kudos
Give Quiz Kudos
-
- Ratings
hide this ad
Replay
Link that replays current quiz
Next Quiz
Link to next quiz in quiz playlist
You Got
0%
They Got
Avg Score
37%
Avg Friend Score
Upgrade to see
Score Distribution
Jump to the score distribution portion of the page
Score
0/100
Timer
10:00
0
Plays Today
Artist
Song
% Correct
Gnarls Barkley
Crazy
95.7%
OutKast
Hey Ya!
92%
Amy Winehouse
Rehab
84.5%
Eminem
Lose Yourself
84.5%
The White Stripes
Seven Nation Army
82.9%
Beyoncé
Crazy in Love
81.9%
Christina Aguilera
Beautiful
78.4%
M.I.A.
Paper Planes
77.9%
Green Day
American Idiot
73.6%
Jay-
Z
99 Problems
73.3%
50 Cent
In da Club
72.3%
U2
Beautiful Day
71.5%
Coldplay
Viva la Vida
70.4%
Coldplay
Clocks
66.1%
The Killers
Mr. Brightside
66.1%
Eminem
Stan
65.1%
MGMT
Kids
64.5%
Rihanna
Umbrella
64.3%
Coldplay
Yellow
62.9%
Johnny Cash
Hurt
61.1%
Beyoncé
Single Ladies (Put a Ring on It)
59.7%
Kelly Clarkson
Since U Been Gone
58.9%
Green Day
Boulevard of Broken Dreams
57.9%
Kanye West
Gold Digger
57.3%
OutKast
Ms. Jackson
57.3%
Franz Ferdinand
Take Me Out
56.8%
Gorillaz
Clint Eastwood
56.8%
Kings of Leon
Use Somebody
56%
Britney Spears
Toxic
55.7%
Gorillaz
Feel Good Inc.
54.7%
Coldplay
The Scientist
54.1%
Justin Timberlake
Cry Me a River
53.9%
Kelis
Milkshake
52.5%
Yeah Yeah Yeahs
Maps
51.2%
Artist
Song
% Correct
Madonna
Music
49.6%
Lady Gaga
Poker Face
48.5%
Jet
Are You Gonna Be My Girl
48.3%
Modest Mouse
Float On
48%
The Strokes
Last Nite
45.9%
Kanye West
Jesus Walks
44.5%
Missy Elliott
Get Ur Freak On
43.5%
Alicia Keys
Fallin'
43.5%
U2
Vertigo
42.9%
Kylie Minogue
Can't Get You Out of My Head
41.3%
Amy Winehouse
Back to Black
41.3%
R. Kelly
Ignition (Remix)
41.1%
MGMT
Time to Pretend
40.8%
Daft Punk
One More Time
38.9%
OutKast
B.O.B
34.1%
Missy Elliott
Work It
34.1%
Bruce Springsteen
The Rising
33.6%
Queens of the Stone Age
No One Knows
33.6%
The White Stripes
Fell In Love With a Girl
32.8%
Arctic Monkeys
I Bet You Look Good on the Dancefloor
30.7%
Snoop Dogg
Drop It Like It's Hot
29.9%
Arcade Fire
Wake Up
27.7%
Phoenix
1901
27.5%
Mary J. Blige
Family Affair
26.1%
The Postal Service
Such Great Heights
25.9%
Arcade Fire
Rebellion (Lies)
25.1%
P!nk
Get the Party Started
25.1%
The Flaming Lips
Do You Realize??
23.7%
Beyoncé
Irreplaceable
23.7%
Madonna
Hung Up
22.9%
Aaliyah
Try Again
22.7%
Justice
D.A.N.C.E.
20.5%
Radiohead
Idioteque
20.3%
LCD Soundsystem
All My Friends
19.5%
Artist
Song
% Correct
Amerie
1 Thing
19.2%
The Shins
New Slang
18.9%
Radiohead
Everything in Its Right Place
18.1%
Lil Wayne
A Milli
17.3%
Dixie Chicks
Not Ready to Make Nice
17.3%
D'Angelo
Untitled (How Does It Feel)
17.1%
LCD Soundsystem
Daft Punk is Playing at My House
16.8%
The Roots
The Seed (2.0)
15.5%
Wilco
Jesus, Etc.
15.2%
Damian Marley
Welcome to Jamrock
14.7%
The Strokes
Hard to Explain
13.6%
TV On the Radio
Wolf Like Me
13.3%
Jay-
Z
Izzo (H.O.V.A.)
13.3%
Radiohead
Pyramid Song
12.8%
LCD Soundsystem
Losing My Edge
12%
The Walkmen
The Rat
12%
Gossip
Standing in the Way of Control
11.7%
Fleet Foxes
White Winter Hymnal
11.7%
Jay-
Z
Dirt off Your Shoulder
10.9%
Santogold
L.E.S. Artistes
10.7%
The Rapture
House of Jealous Lovers
9.6%
Bob Dylan
Mississippi
8.5%
The Knife
Heartbeats
8%
U2
Moment of Surrender
7.7%
Clipse
Grindin'
6.7%
Dirty Projectors
Stillness Is the Move
5.9%
Bruce Springsteen
My City of Ruins
5.1%
Midlake
Roscoe
4.8%
Robert Plant & Alison Krauss
Gone Gone Gone (Done Moved On)
4.5%
Brad Paisley
Alcohol
4.3%
Bright Eyes
Lua
4%
Randy Newman
A Few Words in Defense of Our Country
2.7%
Quiz Playlist
Details
Report
Send in Message
Add To Playlist
Classic:
Type in answers that appear in a list
Quiz Source
Last Updated: Feb 16, 2017
Quiz Scoreboard
CHALLENGE
Sign Up to Join the Scoreboard
Show All
Scores
Hide
Comments
May contain spoilers
Recently Published
Two Season TV Shows II
by 123Four
Television
10m
Image Sorting: Flags VI
by Barbecue
Geography
2m
Find the 'City' Movie
by crazypaving
Movies
60s
More to Explore
Quiz From the Vault
Featured Blog Post
14 Easter Pick-up Lines to Find Eggs With
hide this ad
You Might Also Like...
Tags
2000s
hit
Rolling Stone
Today's Top Quizzes in Music
Browse Music
hide this ad
Today's Top Quizzes in hit
Browse hit
Top Contributed Quizzes in Music
1
5X2 Blitz: Bands II
2
5X2 Blitz: The Beatles
3
Taylor Swift All Songs (2024)
4
5X2 Blitz: Billboard
5
5X2 Blitz: Billboard II
6
Music Artist by Three 2010s hits
7
5X2 Blitz: Album
8
5X2 Blitz: Rock
9
5X2 Blitz: Singers
10
5X2 Blitz: Lyrics
Explore More
Trending Topics
Kpop
NBA
Anime
Marvel
Disney
Harry Potter
Crossword
NFL
Song
Country
Pokémon
Soccer
Puzzle
The Office
WWE
hide this ad
More By:
inomu
Quiz
Plays
Rating
Category
Featured
Created
Billboard 200 Artists of 2000s
946
4.83
Music
Jun 24, 2012
Largest cities in Nordic countries
790
4.33
Geography
Feb 11, 2011
European cities by Finnish name
720
4.54
Geography
Nov 24, 2011
100 Best Songs of the 2000s (Rolling Stone)
375
4.14
Music
Mar 7, 2012
Country names in Finnish
175
4.83
Language
Apr 26, 2011
Go to Creator's Profile
Score Distribution
Quiz Creator Spotlight
inomu
Follow
Send a Message
Quizzes Created
-
Created Quiz Play Count
-
More By This Creator
Popular Quizzes Today
1
Find the US States - No Outlines Minefield
2
Colored Red Africa Blitz
3
Find the 'City' Movie
4
5x2 Blitz: Bands
5
The Countries of the World
6
Find the Countries of Europe - No Outlines Minefield
7
Find the US States
8
US States
More Music Quizzes
Name the Royal Blood Song (Audio)
Curator's Pick
Trending Quizzes
Colored Red Europe Blitz I
Colored Red Africa Blitz II
Colored Red Europe Blitz II
Even More Two Season TV Shows
Colored Red Africa Blitz III
Recently Updated
March Madness Men's Triple Doubles
pecheneg
How Do You Spell That?
pecheneg
Godzilla Movies
pecheneg
Grab Bag: 4-10 Letters
pecheneg
2024 March Madness Bracket
pecheneg
Famous TV Couples
Peacemaker
Champions League XIs: Real Madrid
pecheneg
Largest US Cities 1790-2010
pecheneg
Rides in Walt Disney World
pecheneg
Most Oscar Losses (Acting)
pecheneg
Trending Topics
Anime
Crossword
NBA
Marvel
Disney
Harry Potter
Kpop
Country
NFL
Soccer
Pokémon
The Office
Song
WWE
Puzzle
Your Account Isn't Verified!
In order to create a playlist on Sporcle, you need to verify the email address you used during registration. Go to your
Sporcle Settings
to finish the process.
Report this User
Report this user for behavior that violates our
Community Guidelines
.
Details:
Send Report
Go to the Sporcle.com Mobile Site →
Comments